Taylor Swift - cardigan Lyrics - Statistics

General Stats
  • This quiz has been taken 295 times
  • The average score is 306 of 339
Answer Stats
Answer % Correct
a
99%
A
99%
an
99%
I
99%
on
99%
the
99%
The
99%
you
98%
You
98%
And
97%
and
97%
be
97%
But
97%
cardigan
97%
like
97%
me
97%
was
97%
Was
97%
When
97%
when
97%
your
97%
Your
97%
under
96%
Under
96%
in
95%
knew
95%
nothing
95%
young
95%
are
94%
bed
94%
know
94%
my
94%
old
94%
put
94%
said
94%
they
94%
to
94%
To
94%
we
94%
assume
93%
favorite
93%
new
93%
all
92%
felt
92%
I'm
92%
kiss
92%
now
92%
one
92%
someone's
92%
Vintage
92%
brand
91%
around
90%
girls
90%
is
90%
phone
90%
tee
90%
two
90%
bars
89%
drew
89%
High
89%
lose
89%
scars
89%
what
89%
bleedin'
88%
cars
88%
'Cause
88%
Dancin'
88%
downtown
88%
heels
88%
needed
88%
stars
88%
Drunk
87%
friend
87%
none
87%
Levi's
86%
better
85%
it
85%
streetlight
85%
Baby
83%
back
83%
black
83%
Chase
83%
Line
83%
line
83%
lipstick
83%
Once
83%
once
83%
water
83%
father
82%
come
81%
Hand
81%
politics
81%
Running
81%
Sensual
81%
you'd
81%
You'd
81%
Leavin'
79%
cobblestones
78%
of
78%
sweatshirt
78%
twenty
78%
losing
77%
Peter
77%
Wendy
77%
everything
76%
lifetimes
76%
standin'
76%
long
74%
tattoo
74%
this
74%
haunt
73%
ifs
73%
porch
73%
bloodstain
72%
front
72%
grocery
72%
I'd
72%
light
72%
smile
72%
time
72%
would
72%
for
71%
smell
70%
Chasin'
69%
expired
69%
last
69%
miss
69%
shadows
69%
thrill
69%
hang
68%
smoke
68%
ending
67%
linger
67%
longest
67%
train
67%
change
66%
Marked
66%
weekends
66%
heartbeat
65%
Sequin
65%
curse
64%
Giving
63%
Tried
63%
hide
60%
Playing
60%
seek
60%
Steppin'
56%
No matching quizzes found
Score Distribution
Percent of People with Each Score
Percentile by Number Answered
Your Score History
You have not taken this quiz